Ekonomická statistika v průmyslu s příklady

Uložené v:
Podrobná bibliografia
Hlavný autor: Jílek, Jaroslav
Korporativný autor: Vysoká škola ekonomická v Praze. Národohospodářská fakulta
Ďalší autori: Souček, Eduard
Médium: Kniha
Jazyk:Czech
Vydavateľské údaje: Praha Státní pedagogické nakladatelství 1983
Tagy: Pridať tag
Žiadne tagy, Buďte prvý, kto otaguje tento záznam!

MARC

LEADER 00000nam a2200000 4500
001 c134313
005 20190425093834.8
041 0 |a cze 
044 |a CZ 
245 1 0 |a Ekonomická statistika v průmyslu s příklady  |c Jaroslav Jílek, Eduard Souček 
264 1 |a Praha  |b Státní pedagogické nakladatelství  |c 1983 
300 |a 240 s. 
100 1 |a Jílek, Jaroslav 
700 1 |a Souček, Eduard 
710 2 |a Vysoká škola ekonomická v Praze. Národohospodářská fakulta